Mollusk shells as bio-geo-archives Evaluating environmental changes during the Quaternary /

In view of the wide range of disciplines involved in Quaternary research, this book offers a one-stop resource for the Quaternary research community, since it reviews the latest techniques and provides an approach to how mollusk shell remains are used in the reconstruction of marine environments in...

Full description

Bibliographic Details
Main Authors: Gordillo, Sandra (Author), Bayer, María Sol (Author), Boretto, Gabriella (Author), Charó, Melisa (Author)
Corporate Author: SpringerLink (Online service)
Format: Electronic eBook
Language:English
Published: Cham : Springer International Publishing : Imprint: Springer, 2014.
Series:SpringerBriefs in Earth System Sciences, South America and the Southern Hemisphere,
Subjects:
Online Access:Full Text via HEAL-Link
LEADER 02909nam a22005415i 4500
001 978-3-319-03476-8
003 DE-He213
005 20151031151014.0
007 cr nn 008mamaa
008 140129s2014 gw | s |||| 0|eng d
020 |a 9783319034768  |9 978-3-319-03476-8 
024 7 |a 10.1007/978-3-319-03476-8  |2 doi 
040 |d GrThAP 
050 4 |a QE701-760 
072 7 |a RBX  |2 bicssc 
072 7 |a SCI054000  |2 bisacsh 
082 0 4 |a 560  |2 23 
100 1 |a Gordillo, Sandra.  |e author. 
245 1 0 |a Mollusk shells as bio-geo-archives  |h [electronic resource] :  |b Evaluating environmental changes during the Quaternary /  |c by Sandra Gordillo, María Sol Bayer, Gabriella Boretto, Melisa Charó. 
264 1 |a Cham :  |b Springer International Publishing :  |b Imprint: Springer,  |c 2014. 
300 |a XIII, 80 p. 31 illus., 10 illus. in color.  |b online resource. 
336 |a text  |b txt  |2 rdacontent 
337 |a computer  |b c  |2 rdamedia 
338 |a online resource  |b cr  |2 rdacarrier 
347 |a text file  |b PDF  |2 rda 
490 1 |a SpringerBriefs in Earth System Sciences, South America and the Southern Hemisphere,  |x 2191-589X 
505 0 |a Introduction -- Taphonomy of molluscan assemblages -- Shell microstructure -- Paleoecology of molluscan assemblages -- Biogeographic distribution of taxa -- Morphometry -- Stable isotopes -- Sclerochronology -- Concluding Remarks. 
520 |a In view of the wide range of disciplines involved in Quaternary research, this book offers a one-stop resource for the Quaternary research community, since it reviews the latest techniques and provides an approach to how mollusk shell remains are used in the reconstruction of marine environments in southern South America. Written by specialists in the field, this monograph sets the scene for multidisciplinary research involving taphonomy, paleoecology, paleobiography, morphometry, shell mineralogy analysis and sclerochronology performed on mollusk assemblages and/or selected taxa, and offers a consistent picture of spatial and temporal environmental and climatic changes.  . 
650 0 |a Earth sciences. 
650 0 |a Energy. 
650 0 |a Paleontology. 
650 0 |a Physical geography. 
650 0 |a Geobiology. 
650 1 4 |a Earth Sciences. 
650 2 4 |a Paleontology. 
650 2 4 |a Earth System Sciences. 
650 2 4 |a Biogeosciences. 
650 2 4 |a Energy, general. 
700 1 |a Bayer, María Sol.  |e author. 
700 1 |a Boretto, Gabriella.  |e author. 
700 1 |a Charó, Melisa.  |e author. 
710 2 |a SpringerLink (Online service) 
773 0 |t Springer eBooks 
776 0 8 |i Printed edition:  |z 9783319034751 
830 0 |a SpringerBriefs in Earth System Sciences, South America and the Southern Hemisphere,  |x 2191-589X 
856 4 0 |u http://dx.doi.org/10.1007/978-3-319-03476-8  |z Full Text via HEAL-Link 
912 |a ZDB-2-EES 
950 |a Earth and Environmental Science (Springer-11646)